| 000 | 00720nam a2200217 u 4500 | ||
|---|---|---|---|
| 005 | 20260227063945.0 | ||
| 008 | 140206s2010 r 000 0 eng d | ||
| 020 | _a9786070026607 | ||
| 035 | _aUPN01000195521 | ||
| 049 | _aCG | ||
| 050 | 4 |
_aGE90 M6 _bC3.5 |
|
| 100 | 1 |
_aCalixto Flores, Raúl _928624 |
|
| 245 | 1 | 3 |
_aEl medio ambiente : _ben la formación de los futuros profesores / _cRaúl Calixto Flores. |
| 260 |
_aMonterrey : _bCECYTE, _c2010. |
||
| 300 |
_a115 p. : _bil., gráfs., cuadros |
||
| 440 | 0 |
_aCentenario de la revolucion Mexicana ; _v14 |
|
| 650 | 2 |
_aEducación ambiental _zMéxico _vPlanes y programas _910740 |
|
| 650 | 4 |
_aRepresentaciones sociales _915877 |
|
| 905 | _aLibro | ||
| 999 |
_c167622 _d167622 |
||